|
|
|
|
| LEADER |
00000naa2a2200000 4500 |
| 001 |
630557 |
| 005 |
20231102024453.0 |
| 035 |
|
|
|a (RuTPU)RU\TPU\conf\31656
|
| 035 |
|
|
|a RU\TPU\conf\31654
|
| 090 |
|
|
|a 630557
|
| 100 |
|
|
|a 20191115d2019 k y0rusy50 ca
|
| 101 |
0 |
|
|a rus
|e rus
|
| 102 |
|
|
|a RU
|
| 105 |
|
|
|a y z 101zy
|
| 135 |
|
|
|a drcn ---uucaa
|
| 181 |
|
0 |
|a i
|
| 182 |
|
0 |
|a b
|
| 200 |
1 |
|
|a Перспективы развития гидроабразивной обработки
|f Ш. С. Нозирзода
|g науч. рук. С. Е. Бухаченко
|
| 203 |
|
|
|a Текст
|c электронный
|
| 225 |
1 |
|
|a Современные технологии в машиностроении
|
| 230 |
|
|
|a 1 компьютерный файл (pdf; 518 Кб)
|
| 300 |
|
|
|a Заглавие с экрана
|
| 320 |
|
|
|a [Библиогр.: с. 341 (8 назв.)]
|
| 463 |
|
0 |
|0 (RuTPU)RU\TPU\conf\31468
|t Современные материалы и технологии новых поколений
|o сборник научных трудов II Международного молодежного конгресса, г. Томск, 30 сентября - 5 октября 2019 г.
|f Национальный исследовательский Томский политехнический университет, Инженерная школа новых производственных технологий ; под ред. А. Н. Яковлева [и др.]
|v [С. 339-341]
|d 2019
|
| 610 |
1 |
|
|a электронный ресурс
|
| 610 |
1 |
|
|a труды учёных ТПУ
|
| 610 |
1 |
|
|a перспективы развития
|
| 610 |
1 |
|
|a гидроабразивная обработка
|
| 610 |
1 |
|
|a абразивные материалы
|
| 700 |
|
1 |
|a Нозирзода
|b Ш. С.
|
| 702 |
|
1 |
|a Бухаченко
|b С. Е.
|4 727
|
| 712 |
0 |
2 |
|a Национальный исследовательский Томский политехнический университет
|c (2009- )
|2 stltpush
|3 (RuTPU)RU\TPU\col\15902
|9 26305
|
| 801 |
|
2 |
|a RU
|b 63413507
|c 20191118
|g RCR
|
| 856 |
4 |
|
|u http://earchive.tpu.ru/handle/11683/56932
|
| 942 |
|
|
|c BK
|